000
00250nam a2200121Ia 4500
005
20251222144758.0
008
251222s9999||||xx |||||||||||||| ||spa||
082
_a
318.5/C76
245
0
_a
PerĂº:
250
_a
2a ed.
264
_b
CNP
942
_c
LIB
999
_c
19615
_d
19615